00626nam a2200193Ia 4500999001700000082002100017100001800038245003900056260004000095300001000135504003500145650003300180650001800213650003500231700001800266700001900284942000700303952012200310 c15332d15332 aRR 324.954 BUT-I aBulter, David 0aIndia decides: elections 1952-1991 aNew DelhibLiving Media Indiac1989 a380p. aIncludes bibliography/Ref.book aElections - India - 1952-199 aIndia decides aElections - Statistics - India aRoy , Prannoy aLahiri, Ashok  cBK 00104070aNASSDOCbNASSDOCd2004-06-08i2008-12-30l0oRR 324.954 BUT-Ip31555r2019-04-18 00:00:00w2019-04-18yBK